00388nam a22001337a 450000500170000000800410001704100130005808200130007110000130008424500420009726000580013930000310019765000260022820240613063324.0240613b |||||||| |||| 00| 0 eng d aEnglish  a349 LAW  lEnglish  aThe All England Law Reports: Reprint  aLondon: bButterworth and Co. Publishers Ltd, c1970  blii, 1248 pages; c25 cm.  aLegal practice bLaw